| 000 | 00700nam a2200217Ia 4500 | ||
|---|---|---|---|
| 005 | 20230802111842.0 | ||
| 008 | 131103s9999 xx 000 0 und d | ||
| 020 |
_a069108063 1 _c7.25 Pds |
||
| 040 | _aLoreto College | ||
| 041 | _aEnglish | ||
| 082 |
_a551.4 _bPHI |
||
| 245 | 4 |
_aThe history of the earth's crust _cEdited by Robert A.Phinney |
|
| 260 |
_aPrinceton _bPrinceton University Press _c1968 |
||
| 300 |
_aviii,243 p. _b ill.,fig.,maps,tables |
||
| 504 | _ac 1968 by Princeton University Press , Second printing 1970 | ||
| 650 | _aGeology - | ||
| 651 | _aGeology - Geomorphology and hydrosphere - Hydrosphere - | ||
| 700 | _aRobert A.Phinney ed. | ||
| 850 | _aLCLIB | ||
| 942 | _cBK | ||
| 999 |
_c855 _d51334 |
||